000 nam a22 7a 4500
999 _c7217
_d7217
008 170731b xxu||||| |||| 00| 0 eng d
100 _93793
_aFortune
245 _aEncyclopedia of Environment and Geography
260 _aNew Delhi
_bFortune Books
_c2004